00508 a2200205 4500260001000000630001800010037001200028650003900040100002000079260001500099245007400114300001000188650002700198260000900225300001000234100000700244440002200251037001100273020001800284 aParis a57 - Biologie b1, CIUF a5 - SCIENCES EXACTES ET NATURELLES aBeaumont, Simon bEdiScience aBiologie moléculaire : cours, exercices, annales et QCM corrigés  a318 p aBiologie moléculaire c2006 b24 cm lFr aConcours : PCEM 1 a07/110 a2 10 049650 6